000 00543nam a22001697a 4500
003 NUST - PNEC
005 20170116181023.0
008 150915b xxu||||| |||| 00| 0 eng d
040 _cLIBRARY
082 _a621.101 LEW
100 _910734
_a Lewitt, Ernest Henry
245 _aThermodynamics applied to heat engines
_ba text-book covering the syllabuses of the B. Sc (Eng.) and I. Mech. E. examinations in this subject
_cErnest Henry Lewitt
250 _a3rd ed
260 _c1943
650 _95418
_aThermodynamics
_xME
942 _2ddc
_cBK
999 _c67463
_d67463